[Event "2. Bundesliga Mitte 2005/2006"]
[Site "Ansfelden"]
[Date "2005.10.09"]
[Round "2.5"]
[White "Jeric, Simon"]
[Black "Pesorda, Ivan"]
[Result "1-0"]
[WhiteElo "2326"]
[BlackElo "2297"]
[PlyCount "167"]
[EventDate "2005.??.??"]

1. e4 c5 2. c3 Nf6 3. e5 Nd5 4. d4 cxd4 5. Nf3 Nc6 6. cxd4 d6 7. Bc4 Nb6 8. Bb3
dxe5 9. d5 Nd4 10. Nxd4 exd4 11. Qxd4 e6 12. Nc3 f6 13. O-O e5 14. Qh4 Bf5 15.
Be3 Bd6 16. Rac1 O-O 17. Nb5 Re8 18. Nxd6 Qxd6 19. Bc5 Qd7 20. Rfd1 Red8 21.
Qb4 Kh8 22. Bxb6 axb6 23. Qxb6 Ra6 24. Qb4 Rd6 25. Rc5 b6 26. Rc3 Be6 27. h3
Bg8 28. Rdc1 Bxd5 29. Bxd5 Rxd5 30. Qxb6 h5 31. Qxd8+ Qxd8 32. Rc8 Rd1+ 33. Kh2
Kh7 34. Rxd8 Rxc1 35. Kg3 Ra1 36. a3 Ra2 37. Rd2 Kg6 38. Kf3 Kf5 39. Ke3 e4 40.
Rd5+ Ke6 41. Rb5 f5 42. Kf4 g6 43. h4 Ra1 44. Rb6+ Kd5 45. Rxg6 Rf1 46. f3 Rf2
47. b4 Ra2 48. Rg8 Rxa3 49. fxe4+ fxe4 50. Re8 Ra2 51. Re5+ Kd6 52. Rg5 Ra4 53.
Rb5 Ra2 54. g3 Ra3 55. Rg5 e3 56. Kf3 Ke7 57. Ke2 Kf7 58. b5 Rb3 59. Rxh5 Kg6
60. g4 Kf6 61. Rf5+ Ke6 62. Rf3 Rb4 63. Rxe3+ Kf6 64. Kf3 Rxb5 65. Kf4 Rb1 66.
g5+ Kg6 67. Re6+ Kf7 68. Rf6+ Kg7 69. Ra6 Rb4+ 70. Kg3 Rb3+ 71. Kg4 Rb4+ 72.
Kh5 Rb7 73. Ra4 Kh7 74. Kg4 Kg7 75. h5 Rb1 76. Ra7+ Kg8 77. g6 Rb4+ 78. Kg5
Rb5+ 79. Kh6 Rb8 80. Ra5 Rc8 81. Kg5 Kg7 82. h6+ Kg8 83. Rd5 Rf8 84. h7+ 1-0

[Event "2. Bundesliga Mitte 2005/2006"]
[Site "Ansfelden"]
[Date "2005.10.09"]
[Round "2.5"]
[White "Krebs, Johann"]
[Black "Tschohl, Christof"]
[Result "1-0"]
[WhiteElo "2239"]
[BlackElo "2136"]
[PlyCount "81"]
[EventDate "2005.??.??"]

1. Nf3 Nf6 2. c4 e6 3. d4 b6 4. g3 Bb7 5. Bg2 Bb4+ 6. Bd2 a5 7. O-O O-O 8. Bf4
d5 9. c5 a4 10. a3 Ba5 11. Qxa4 Bd2 12. Qc2 Bxf4 13. gxf4 bxc5 14. Qxc5 Nbd7
15. Qc2 Ne4 16. b4 f5 17. e3 Kh8 18. Nbd2 h6 19. Ne5 Nxe5 20. fxe5 Nxd2 21.
Qxd2 f4 22. exf4 Qh4 23. f5 Rxf5 24. f4 Raf8 25. a4 c6 26. b5 cxb5 27. axb5
Rxf4 28. Rxf4 Rxf4 29. Rf1 Rxf1+ 30. Bxf1 Qd8 31. Bd3 Kg8 32. Qf4 Qe7 33. Bg6
Qd7 34. h4 Qe7 35. Kg2 Qd7 36. Kg3 Qe7 37. Qf3 Qd7 38. Qc3 Qe7 39. Qc5 Qd7 40.
Kg4 Kh8 41. Qf8# 1-0

[Event "2. Bundesliga Mitte 2005/2006"]
[Site "Ansfelden"]
[Date "2005.10.09"]
[Round "2.5"]
[White "Arztmann, Wolfgang"]
[Black "Steiner, Stefan"]
[Result "1/2-1/2"]
[WhiteElo "2146"]
[BlackElo "2189"]
[PlyCount "45"]
[EventDate "2005.??.??"]

1. Nf3 Nf6 2. g3 b6 3. Bg2 Bb7 4. O-O c5 5. d3 d5 6. Nbd2 Nbd7 7. Re1 e6 8. e4
dxe4 9. dxe4 Be7 10. e5 Nd5 11. Ne4 O-O 12. c4 Nc7 13. Bg5 Bxg5 14. Nexg5 h6
15. Ne4 Bxe4 16. Rxe4 Qe7 17. Re3 Rfd8 18. Qe2 Ne8 19. Rd1 Rac8 20. Red3 Nb8
21. Ne1 Qc7 22. f4 Kf8 23. Nc2 1/2-1/2

[Event "2. Bundesliga Mitte 2005/2006"]
[Site "Ansfelden"]
[Date "2005.10.09"]
[Round "2.5"]
[White "Deutsch, Ludwig"]
[Black "Reiss, Georg"]
[Result "1-0"]
[WhiteElo "2103"]
[BlackElo "2090"]
[PlyCount "45"]
[EventDate "2005.??.??"]

1. d4 Nf6 2. Bf4 g6 3. e3 Bg7 4. h3 c5 5. c3 b6 6. Nf3 Bb7 7. Nbd2 d6 8. Bc4
O-O 9. O-O Nbd7 10. Qb3 d5 11. Be2 Re8 12. Bh2 Ne4 13. Nxe4 dxe4 14. Nd2 e6 15.
Nc4 Bd5 16. Qc2 e5 17. dxe5 Nxe5 18. Rfd1 Nd3 19. Bxd3 exd3 20. Qxd3 Bc6 21.
Qd6 Rc8 22. Qf4 Qe7 23. Nd6 1-0

[Event "2. Bundesliga Mitte 2005/2006"]
[Site "Ansfelden"]
[Date "2005.10.09"]
[Round "2.6"]
[White "Vajda, Levente"]
[Black "Horvath, Adam"]
[Result "1/2-1/2"]
[WhiteElo "2541"]
[BlackElo "2545"]
[PlyCount "60"]
[EventDate "2005.??.??"]

1. e4 c5 2. c3 Nf6 3. e5 Nd5 4. d4 cxd4 5. Nf3 e6 6. cxd4 d6 7. Bc4 Nb6 8. Bd3
dxe5 9. dxe5 N8d7 10. O-O Nc5 11. Bb5+ Bd7 12. Nc3 Bxb5 13. Nxb5 a6 14. Nc3
Qxd1 15. Rxd1 Rc8 16. Be3 Nc4 17. Bxc5 Bxc5 18. Ne4 Be7 19. Rd3 Nxb2 20. Rb3
Na4 21. Rxb7 Nc5 22. Rc1 O-O 23. Rxe7 Nxe4 24. Rec7 Rxc7 25. Rxc7 Rd8 26. Kf1
h6 27. Rc4 Nd2+ 28. Nxd2 Rxd2 29. Ra4 Rd5 30. Rxa6 Rxe5 1/2-1/2

[Event "2. Bundesliga Mitte 2005/2006"]
[Site "Ansfelden"]
[Date "2005.10.09"]
[Round "2.6"]
[White "Fahrner, Kurt"]
[Black "Steflitsch, Erich"]
[Result "1/2-1/2"]
[WhiteElo "2380"]
[BlackElo "2379"]
[PlyCount "22"]
[EventDate "2005.??.??"]

1. c4 e5 2. g3 Nc6 3. Bg2 Nf6 4. Nc3 Bc5 5. e3 O-O 6. Nge2 Re8 7. O-O e4 8. d3
exd3 9. Nf4 Ne5 10. Nxd3 d6 11. b3 Bb4 1/2-1/2

[Event "2. Bundesliga Mitte 2005/2006"]
[Site "Ansfelden"]
[Date "2005.10.09"]
[Round "2.6"]
[White "Vajda, Albert"]
[Black "Ebner, Hubert"]
[Result "1/2-1/2"]
[WhiteElo "2439"]
[BlackElo "2281"]
[PlyCount "77"]
[EventDate "2005.??.??"]

1. e4 e6 2. d3 d5 3. Nd2 c5 4. g3 Nc6 5. Bg2 Nge7 6. f4 g6 7. Ngf3 Bg7 8. O-O
b6 9. Rb1 dxe4 10. Nxe4 Bb7 11. Be3 O-O 12. Bf2 e5 13. fxe5 Nxe5 14. Nxe5 Bxe5
15. Nf6+ Bxf6 16. Bxb7 Rb8 17. Be4 Bd4 18. c3 Bxf2+ 19. Rxf2 Qd6 20. Qa4 a5 21.
d4 Rbd8 22. Rd1 cxd4 23. cxd4 Nd5 24. Qb3 Nc7 25. d5 Rde8 26. Bg2 Re7 27. Qc3
Qc5 28. Qxc5 bxc5 29. Rc2 Na6 30. Bf1 Nb4 31. Rxc5 Nxa2 32. Rxa5 Nb4 33. Bc4
Nc6 34. Ra6 Ne5 35. b3 Rc8 36. d6 Rd7 37. Bb5 Rc2 38. Rd5 Nf3+ 39. Kf1 {
Mitschrift nicht nachvollziehbar} 1/2-1/2

[Event "2. Bundesliga Mitte 2005/2006"]
[Site "Ansfelden"]
[Date "2005.10.09"]
[Round "2.6"]
[White "Aschenbrenner, Robert"]
[Black "Schachinger, Mario"]
[Result "1-0"]
[WhiteElo "2265"]
[BlackElo "2196"]
[PlyCount "57"]
[EventDate "2005.??.??"]

1. d4 Nf6 2. c4 e6 3. Nc3 Bb4 4. f3 d5 5. a3 Be7 6. Bg5 O-O 7. c5 b6 8. b4 a5
9. e3 bxc5 10. bxc5 Ba6 11. Bxa6 Rxa6 12. Nge2 Nc6 13. O-O Qd7 14. Qd3 Raa8 15.
Rfb1 Rfb8 16. Rxb8+ Rxb8 17. Rb1 h6 18. Bxf6 Bxf6 19. f4 g5 20. Rxb8+ Nxb8 21.
Qb1 Nc6 22. g3 h5 23. Kf1 gxf4 24. Nxf4 h4 25. Qd1 Qe7 26. Qg4+ Kf8 27. Qf3
hxg3 28. hxg3 Bg5 29. Ng6+ 1-0

[Event "2. Bundesliga Mitte 2005/2006"]
[Site "Ansfelden"]
[Date "2005.10.09"]
[Round "2.6"]
[White "Zechner, Gernot"]
[Black "Kastner, Walter"]
[Result "1/2-1/2"]
[WhiteElo "2241"]
[BlackElo "2263"]
[PlyCount "57"]
[EventDate "2005.??.??"]

1. d4 d5 2. c4 dxc4 3. Nf3 a6 4. a4 Nc6 5. e3 Na5 6. Ne5 Be6 7. Na3 Nf6 8.
Naxc4 Nxc4 9. Nxc4 g6 10. Be2 Bg7 11. O-O O-O 12. f3 c5 13. dxc5 Qc7 14. Nb6
Rad8 15. Qc2 Nd5 16. a5 Nb4 17. Qe4 Qxc5 18. Ra4 Nc6 19. b4 Qe5 20. Qxe5 Nxe5
21. b5 axb5 22. Bxb5 f5 23. Kf2 Nd3+ 24. Ke2 Ne5 25. Ra3 Kf7 26. Bc4 Nxc4 27.
Nxc4 Rc8 28. Nb6 Rc6 29. Bd2 1/2-1/2

[Event "2. Bundesliga Mitte 2005/2006"]
[Site "Ansfelden"]
[Date "2005.10.09"]
[Round "2.6"]
[White "Loebler, Heimo"]
[Black "Waldmann, Gerald"]
[Result "1/2-1/2"]
[WhiteElo "2191"]
[BlackElo "2175"]
[PlyCount "46"]
[EventDate "2005.??.??"]

1. c4 e5 2. Nc3 Nc6 3. g3 g6 4. Bg2 Bg7 5. d3 f5 6. e3 Nf6 7. Nge2 O-O 8. O-O
d6 9. Rb1 a5 10. b3 Ne7 11. d4 Nd7 12. Qd2 Rb8 13. Nb5 b6 14. dxe5 Nxe5 15.
Ned4 Qd7 16. Nc3 Bb7 17. Nd5 Kh8 18. f4 Ng4 19. Bb2 Nf6 20. Nxf6 Bxf6 21. Bxb7
Rxb7 22. Rfd1 Rbb8 23. Nf3 Ng8 1/2-1/2

[Event "2. Bundesliga Mitte 2005/2006"]
[Site "Ansfelden"]
[Date "2005.11.05"]
[Round "3.1"]
[White "Farago, Ivan"]
[Black "Horvath, Adam"]
[Result "1/2-1/2"]
[WhiteElo "2467"]
[BlackElo "2436"]
[PlyCount "40"]
[EventDate "2005.??.??"]

1. d4 Nf6 2. c4 e6 3. Nf3 Bb4+ 4. Bd2 Qe7 5. g3 Nc6 6. Nc3 O-O 7. Bg2 Na5 8. b3
b6 9. Ne5 Bb7 10. Bxb7 Nxb7 11. O-O c5 12. Nd3 cxd4 13. Nxb4 dxc3 14. Bxc3 Ne4
15. Qd4 Nxc3 16. Qxc3 Rac8 17. Qd2 Rfd8 18. Rac1 h5 19. Rfd1 h4 20. Nd3 Nc5
1/2-1/2

[Event "2. Bundesliga Mitte 2005/2006"]
[Site "Ansfelden"]
[Date "2005.11.05"]
[Round "3.1"]
[White "Sakelsek, Tadej"]
[Black "Hellmayr, Alois"]
[Result "1-0"]
[WhiteElo "2421"]
[BlackElo "2276"]
[PlyCount "101"]
[EventDate "2005.??.??"]

1. e4 c5 2. Nf3 e6 3. d4 cxd4 4. Nxd4 a6 5. c4 b6 6. Nc3 Qc7 7. Be3 Nf6 8. Rc1
Bb7 9. f3 Bd6 10. g3 h5 11. a3 Be5 12. Qd2 Nc6 13. Nb3 h4 14. g4 Bxc3 15. Qxc3
Ne5 16. Be2 d6 17. O-O Kf8 18. Rfd1 Ned7 19. Qd2 Ne8 20. Nd4 Rc8 21. b4 Kg8 22.
Nb3 Qb8 23. Bf4 e5 24. Bg5 Kf8 25. Rc3 Rc7 26. Bf1 Qa8 27. Be3 a5 28. Qf2 a4
29. Nc1 Qa7 30. Nd3 Kg8 31. Nb2 Rc8 32. Bh3 Rb8 33. g5 Bc8 34. Rd5 Rh5 35. Bg4
Rh7 36. Qc2 Ra8 37. Ra5 Qb8 38. Rxa8 Qxa8 39. Qxa4 Qb7 40. Qd1 Rh8 41. Qd5 Nf8
42. Qxb7 Bxb7 43. Bxb6 Kh7 44. a4 g6 45. a5 Ng7 46. Bc7 Nfe6 47. Bxd6 Rd8 48.
Bxe5 Nxg5 49. Bf6 Rd2 50. Bxg5 Rxb2 51. b5 1-0

[Event "2. Bundesliga Mitte 2005/2006"]
[Site "Ansfelden"]
[Date "2005.11.05"]
[Round "3.1"]
[White "Knoll, Hermann"]
[Black "Fahrner, Kurt"]
[Result "1/2-1/2"]
[WhiteElo "2344"]
[BlackElo "2355"]
[PlyCount "76"]
[EventDate "2005.??.??"]

1. e4 Nf6 2. e5 Nd5 3. d4 d6 4. c4 Nb6 5. exd6 cxd6 6. Nc3 g6 7. Nf3 Bg7 8. Be3
O-O 9. h3 Nc6 10. Be2 Bf5 11. O-O d5 12. c5 Nc4 13. Bc1 b6 14. b3 bxc5 15. bxc4
cxd4 16. Nxd5 d3 17. Bxd3 Bxd3 18. Qxd3 Bxa1 19. Bg5 Bg7 20. Qe4 Re8 21. Rd1
Kh8 22. Bf4 e6 23. Ne3 Qc8 24. Ng5 f5 25. Qb1 e5 26. Nf7+ Kg8 27. Nd6 Qb8 28.
Nxe8 exf4 29. Nxg7 fxe3 30. Ne6 e2 31. Qxb8+ Rxb8 32. Re1 Rb2 33. f4 h6 34. Kf2
Kf7 35. Nc5 Nd4 36. Nb3 Nxb3 37. axb3 Rxb3 38. Rxe2 Rc3 1/2-1/2

[Event "2. Bundesliga Mitte 2005/2006"]
[Site "Ansfelden"]
[Date "2005.11.05"]
[Round "3.1"]
[White "Rumpl, Erwin"]
[Black "Ebner, Hubert"]
[Result "1/2-1/2"]
[WhiteElo "2290"]
[BlackElo "2258"]
[PlyCount "22"]
[EventDate "2005.??.??"]

1. e4 e6 2. d4 d5 3. Nc3 Bb4 4. e5 c5 5. a3 Bxc3+ 6. bxc3 Qc7 7. Nf3 Ne7 8. h4
Bd7 9. h5 cxd4 10. cxd4 Ba4 11. Ra2 h6 1/2-1/2

[Event "2. Bundesliga Mitte 2005/2006"]
[Site "Ansfelden"]
[Date "2005.11.05"]
[Round "3.1"]
[White "Herndl, Gerald"]
[Black "Mittermayr, Gerhard"]
[Result "1/2-1/2"]
[WhiteElo "2080"]
[BlackElo "2182"]
[PlyCount "62"]
[EventDate "2005.??.??"]

1. e4 d5 2. exd5 Qxd5 3. Nc3 Qa5 4. b4 Qxb4 5. Rb1 Qd6 6. Qf3 Nf6 7. Rxb7 c6 8.
Rb3 Bg4 9. Qe3 Nbd7 10. Ba3 Qe5 11. Ba6 Be6 12. Rb7 Qxe3+ 13. fxe3 Nb6 14. Bc5
Nfd7 15. Bd4 Nb8 16. Bd3 Bc8 17. Rc7 Kd8 18. Rxa7 Rxa7 19. Bxb6+ Rc7 20. Nf3 f6
21. Ke2 e5 22. Rb1 Na6 23. Ba5 Nc5 24. Rb8 Nxd3 25. Kxd3 Kd7 26. Bxc7 Kxc7 27.
Rb1 Bf5+ 28. e4 Be6 29. a4 Bc5 30. Ke2 Rd8 31. d3 Ra8 1/2-1/2

[Event "2. Bundesliga Mitte 2005/2006"]
[Site "Ansfelden"]
[Date "2005.11.05"]
[Round "3.2"]
[White "Baumgartner, Heinz"]
[Black "Mohr, Georg"]
[Result "1/2-1/2"]
[WhiteElo "2294"]
[BlackElo "2458"]
[PlyCount "98"]
[EventDate "2005.??.??"]

1. Nf3 Nf6 2. g3 g6 3. Bg2 Bg7 4. O-O O-O 5. c4 c5 6. d4 cxd4 7. Nxd4 Nc6 8.
Nc3 d6 9. Nc2 Be6 10. b3 Qd7 11. Re1 Bh3 12. Bh1 Ng4 13. Bb2 Qf5 14. Bf3 Rfe8
15. e4 Qh5 16. Rb1 Nce5 17. Bh1 e6 18. Qe2 f5 19. Nb5 Rad8 20. f4 a6 21. Nbd4
fxe4 22. Bxe4 Nf7 23. Bxb7 e5 24. Bc6 Re7 25. Bd5 Rc8 26. Nf3 h6 27. fxe5 dxe5
28. Nd2 Kh7 29. Ne4 Ng5 30. Ba3 Nxe4 31. Bxe4 Rf7 32. Bf3 Bf8 33. Bxg4 Bxg4 34.
Qxe5 Qh3 35. Rf1 Bf3 36. Rf2 Bg7 37. Qe3 Rd8 38. Rbf1 Ba8 39. Bc5 Rfd7 40. Qe2
Rd3 41. Ne3 Qc8 42. Ba3 Qc6 43. Ng2 Qb6 44. c5 Qa5 45. Rf7 R3d7 46. Bb2 Qxc5+
47. Qf2 Qd5 48. Rxg7+ Rxg7 49. Bxg7 Kxg7 1/2-1/2

[Event "2. Bundesliga Mitte 2005/2006"]
[Site "Ansfelden"]
[Date "2005.11.05"]
[Round "3.2"]
[White "Horvath, Gyula"]
[Black "Seifert, Volker"]
[Result "1/2-1/2"]
[WhiteElo "2441"]
[BlackElo "2297"]
[PlyCount "94"]
[EventDate "2005.??.??"]

1. c4 e6 2. Nf3 Nf6 3. g3 b6 4. Bg2 Bb7 5. O-O Be7 6. b3 O-O 7. Bb2 c5 8. e3 d5
9. Nc3 Nc6 10. cxd5 Nxd5 11. Nxd5 Qxd5 12. d4 Rad8 13. Ne5 Qd6 14. Nxc6 Bxc6
15. Qg4 g6 16. dxc5 bxc5 17. Rfd1 Qc7 18. Rac1 Bxg2 19. Kxg2 Rxd1 20. Rxd1 Rd8
21. Rxd8+ Qxd8 22. Qe2 f6 23. Bc3 Kf7 24. e4 Qd7 25. Kf1 Qc6 26. Qc4 Qd7 27.
Ke2 Qb7 28. Bd2 Qd7 29. Be3 Qd6 30. Bf4 Qc6 31. Kd3 Qd7+ 32. Kc2 Qc6 33. Qd3
Qb7 34. f3 Qc6 35. g4 Qb7 36. Bg3 Qc6 37. Qc4 Bd6 38. f4 Bc7 39. a4 Kg7 40. Qd3
Kf7 41. Kd2 g5 42. f5 Bxg3 43. hxg3 Ke7 44. Kc3 Qc7 45. Kc4 Qb6 46. Qd2 Qc6 47.
Qe3 Qa6+ 1/2-1/2

[Event "2. Bundesliga Mitte 2005/2006"]
[Site "Ansfelden"]
[Date "2005.11.05"]
[Round "3.2"]
[White "Rolletschek, Heinrich"]
[Black "Butunoi, Alexandru"]
[Result "1-0"]
[WhiteElo "2246"]
[BlackElo "2356"]
[PlyCount "103"]
[EventDate "2005.??.??"]

1. e4 c5 2. Nf3 d6 3. g3 Nc6 4. Bg2 g6 5. d4 Bg7 6. dxc5 Qa5+ 7. c3 Qxc5 8. O-O
Nf6 9. Nd4 Qb6 10. Nb3 Bg4 11. Qc2 Rc8 12. Be3 Qa6 13. f3 Be6 14. Na3 O-O 15.
Qd2 b6 16. Nd4 Nxd4 17. Bxd4 Rfd8 18. Rfe1 d5 19. e5 Nd7 20. Nc2 Qc4 21. f4 Nc5
22. Ne3 Qd3 23. Rad1 Qxd2 24. Rxd2 Ne4 25. Rdd1 f5 26. exf6 Bxf6 27. Bxf6 Nxf6
28. Rd4 Rd6 29. Red1 Rcd8 30. Bf3 Kg7 31. g4 h6 32. g5 Nh5 33. Bxh5 gxh5 34. f5
Bc8 35. gxh6+ Kxh6 36. Rxd5 Rxd5 37. Rxd5 Rxd5 38. Nxd5 Bxf5 39. Nxe7 Be6 40.
Nc6 a6 41. a4 Kg5 42. a5 bxa5 43. Nxa5 Kf4 44. Kf2 Bd5 45. c4 Be6 46. b4 Ke4
47. b5 axb5 48. cxb5 Kd5 49. b6 Kd6 50. Kg3 Kd7 51. b7 Kc7 52. Nc6 1-0

[Event "2. Bundesliga Mitte 2005/2006"]
[Site "Ansfelden"]
[Date "2005.11.05"]
[Round "3.2"]
[White "Pesorda, Ivan"]
[Black "Woeber, Friedrich"]
[Result "1-0"]
[WhiteElo "2260"]
[BlackElo "2155"]
[PlyCount "55"]
[EventDate "2005.??.??"]

1. d4 d5 2. c4 e6 3. Nc3 c5 4. cxd5 cxd4 5. Qxd4 Nc6 6. Qd1 exd5 7. Qxd5 Be6 8.
Qxd8+ Rxd8 9. e3 Nb4 10. Bb5+ Ke7 11. Ba4 Bc4 12. Nge2 b5 13. Bd1 Nd3+ 14. Kf1
b4 15. Ne4 Nf6 16. Nxf6 Nf4 17. Bb3 Bxb3 18. Nxf4 Rd1+ 19. Ke2 Rxh1 20. axb3
Kxf6 21. Ra6+ Kg5 22. Bd2 g6 23. e4 Kh6 24. Nxg6+ Kg7 25. Nxh8 Kxh8 26. Rxa7
Rxh2 27. Kf3 Kg7 28. Rb7 1-0

[Event "2. Bundesliga Mitte 2005/2006"]
[Site "Ansfelden"]
[Date "2005.11.05"]
[Round "3.2"]
[White "Winiwarter, Felix"]
[Black "Krebs, Johann"]
[Result "1/2-1/2"]
[WhiteElo "2119"]
[BlackElo "2213"]
[PlyCount "120"]
[EventDate "2005.??.??"]

1. e4 c5 2. Nf3 Nc6 3. d4 cxd4 4. Nxd4 Nf6 5. Nc3 e5 6. Ndb5 d6 7. Bg5 a6 8.
Na3 b5 9. Nd5 Qa5+ 10. Bd2 Qd8 11. Bg5 Be7 12. Bxf6 Bxf6 13. c3 O-O 14. Nc2 Rb8
15. h4 Be7 16. Nce3 Be6 17. Bd3 Qd7 18. g4 Bd8 19. Qf3 Ne7 20. g5 Bxd5 21. exd5
Ng6 22. Qe4 Re8 23. O-O-O b4 24. c4 Bb6 25. Ng4 Bd4 26. h5 Nf8 27. Rdg1 Bxb2+
28. Kd1 Qa4+ 29. Bc2 Qxa2 30. Nf6+ Kh8 31. Nxh7 Kg8 32. Nf6+ Kh8 33. g6 Rec8
34. h6 Rxc4 35. hxg7+ Kxg7 36. Nh5+ Kg8 37. g7 Qa1+ 38. Ke2 Rxe4+ 39. Bxe4 Qxg1
40. gxf8=Q+ Kxf8 41. Rxg1 a5 42. Rb1 Bd4 43. Bc2 Rc8 44. Bb3 Ke7 45. Ng3 Rc3
46. Nf5+ Kd7 47. Ba4+ Kc7 48. Nxd4 exd4 49. Rg1 Kb6 50. Rg7 Ra3 51. Bc6 Ra2+
52. Kd3 Rxf2 53. Kxd4 b3 54. Kc3 Rf3+ 55. Kb2 Kc5 56. Rg1 f5 57. Rh1 Kb6 58.
Ba4 f4 59. Bxb3 Kb5 60. Bd1 Re3 1/2-1/2

[Event "2. Bundesliga Mitte 2005/2006"]
[Site "Ansfelden"]
[Date "2005.11.05"]
[Round "3.2"]
[White "Steiner, Stefan"]
[Black "Enzendorfer, Alfred"]
[Result "1-0"]
[WhiteElo "2215"]
[BlackElo "2099"]
[PlyCount "127"]
[EventDate "2005.??.??"]

1. Nf3 d5 2. c4 c6 3. cxd5 cxd5 4. d4 Nc6 5. Nc3 e6 6. Bf4 Bd6 7. Bg3 Nf6 8. e3
O-O 9. Bd3 a6 10. Rc1 Re8 11. Bb1 e5 12. dxe5 Nxe5 13. Nxe5 Bxe5 14. Bxe5 Rxe5
15. Qd4 Re8 16. O-O Be6 17. Na4 Rc8 18. Nb6 Rc7 19. Rfd1 Qd6 20. g3 Bg4 21.
Rxc7 Bxd1 22. Rc8 Bf3 23. Rxe8+ Nxe8 24. Na4 Qd7 25. Bd3 h6 26. Nc3 Qh3 27. Bf1
Qe6 28. Qf4 Be4 29. Qb8 Qc6 30. Be2 Kh7 31. Qf4 Nf6 32. Qe5 Qb6 33. b3 Qc6 34.
Bf1 b5 35. b4 g6 36. a3 Bf3 37. Qd4 h5 38. Qc5 Qe6 39. Qd4 Qc6 40. Qc5 Qe6 41.
h4 Ng4 42. Qd4 Ne5 43. Bg2 Qf5 44. Qf4 Bxg2 45. Qxf5 gxf5 46. Kxg2 Nc4 47. Nxd5
Nxa3 48. Nc7 a5 49. bxa5 b4 50. Nd5 b3 51. Nc3 b2 52. a6 Kg7 53. Kf3 Kf6 54.
Ke2 Nb5 55. Nb1 Ke5 56. Kd3 Kd5 57. Kc2 Kc6 58. Kxb2 Kb6 59. Nc3 Nd6 60. Kc2
Kxa6 61. Kd3 Kb6 62. Kd4 Kc6 63. Ke5 Kd7 64. Kf6 1-0

[Event "2. Bundesliga Mitte 2005/2006"]
[Site "Ansfelden"]
[Date "2005.11.05"]
[Round "3.3"]
[White "Dervishi, Erald"]
[Black "Rogic, Davor"]
[Result "1-0"]
[WhiteElo "2487"]
[BlackElo "2502"]
[PlyCount "67"]
[EventDate "2005.??.??"]

1. e4 e5 2. Nf3 Nc6 3. Bb5 a6 4. Ba4 Nf6 5. O-O Be7 6. d4 exd4 7. e5 Ne4 8.
Nxd4 Nxd4 9. Qxd4 Nc5 10. Nc3 O-O 11. Bg5 Bxg5 12. Qxc5 Be7 13. Qe3 d5 14. Rad1
c6 15. Bb3 Bd7 16. Ne2 Qc7 17. f4 b5 18. Kh1 Rae8 19. c3 Bd8 20. Nd4 Qc8 21.
Bc2 Bc7 22. Rde1 g6 23. b4 Re7 24. Qg3 Qe8 25. Re2 f6 26. e6 Bc8 27. Rfe1 Bb8
28. Qh4 Bb7 29. f5 g5 30. Qh6 Bd6 31. Re3 c5 32. bxc5 Bxc5 33. Bd1 b4 34. Bh5
1-0

[Event "2. Bundesliga Mitte 2005/2006"]
[Site "Ansfelden"]
[Date "2005.11.05"]
[Round "3.3"]
[White "Neubauer, Martin"]
[Black "Manca, Federico"]
[Result "1/2-1/2"]
[WhiteElo "2444"]
[BlackElo "2399"]
[PlyCount "79"]
[EventDate "2005.??.??"]

1. e4 g6 2. d4 Bg7 3. Nc3 d6 4. f4 Nf6 5. Nf3 O-O 6. Bd3 Na6 7. O-O c5 8. d5
Rb8 9. f5 Bd7 10. fxg6 fxg6 11. e5 dxe5 12. Nxe5 Nb4 13. Bc4 b5 14. Nxd7 Qxd7
15. Nxb5 Kh8 16. Nc3 Ng4 17. Bf4 Rb6 18. Ne4 Qf5 19. Qe2 Nxc2 20. Qxc2 Rxb2 21.
Qd3 Bd4+ 22. Kh1 Qxf4 23. Rxf4 Rxf4 24. Rf1 Rxf1+ 25. Qxf1 Rf2 26. Qb1 Rb2 27.
Qc1 Ne3 28. Nd2 Nxc4 29. Nxc4 Rxa2 30. Nd2 Ra1 31. Nb1 a5 32. h4 a4 33. Kh2 a3
34. Qf4 Kg7 35. Qe4 a2 36. Qxe7+ Kg8 37. d6 axb1=Q 38. Qe8+ Kg7 39. Qe7+ Kg8
40. Qe8+ 1/2-1/2

[Event "2. Bundesliga Mitte 2005/2006"]
[Site "Ansfelden"]
[Date "2005.11.05"]
[Round "3.3"]
[White "Benda, Herbert"]
[Black "Mazi, Leon"]
[Result "0-1"]
[WhiteElo "2310"]
[BlackElo "2376"]
[PlyCount "70"]
[EventDate "2005.??.??"]

1. e4 c5 2. Nf3 d6 3. d4 cxd4 4. Nxd4 Nf6 5. Nc3 a6 6. Be2 e6 7. Be3 Qc7 8. O-O
b5 9. Bf3 Bb7 10. Re1 Nbd7 11. Bg5 Ne5 12. Bxf6 gxf6 13. Bh5 O-O-O 14. f4 Kb8
15. Kh1 Nc4 16. b3 Nb6 17. Qd3 Bh6 18. a4 Rc8 19. Nce2 b4 20. c3 d5 21. a5 dxe4
22. Qh3 Nd5 23. cxb4 Bxf4 24. b5 Bg5 25. b4 e5 26. Nb3 Nxb4 27. Bg4 Nd3 28. Rf1
h5 29. Bf5 Qc2 30. bxa6 Bxa6 31. Nbd4 exd4 32. Bxe4 Rhe8 33. Rab1+ Ka7 34. Rb6
Nf2+ 35. Rxf2 Qd1+ 0-1

[Event "2. Bundesliga Mitte 2005/2006"]
[Site "Ansfelden"]
[Date "2005.11.05"]
[Round "3.3"]
[White "Jurkovic, Hrvoje"]
[Black "Bachler, Reinhard"]
[Result "1/2-1/2"]
[WhiteElo "2453"]
[BlackElo "2241"]
[PlyCount "112"]
[EventDate "2005.??.??"]

1. e4 c5 2. c3 d6 3. d4 Nd7 4. Bd3 e6 5. Ne2 Be7 6. O-O a6 7. f4 cxd4 8. cxd4
b5 9. Be3 Ngf6 10. h3 Bb7 11. Nd2 e5 12. Ng3 Qb6 13. Nf5 exf4 14. Rxf4 Bf8 15.
Rf3 g6 16. Ng3 Bg7 17. Qb3 O-O 18. Raf1 d5 19. e5 Ne8 20. Ne2 Rc8 21. Nf4 Qc6
22. Qd1 Nc7 23. Nb3 Ne6 24. Nxe6 fxe6 25. Bd2 Qb6 26. Ba5 Qa7 27. Kh1 Rxf3 28.
Rxf3 Rf8 29. Bb4 Rxf3 30. Qxf3 Qb6 31. h4 Qd8 32. Qg4 Qe8 33. Bd6 Bc8 34. Kg1
Nb6 35. Nc5 Nc4 36. Bxc4 bxc4 37. Qg5 h5 38. a4 Kh7 39. Qe7 Qxe7 40. Bxe7 Bh6
41. Kf2 Bc1 42. b4 Ba3 43. b5 axb5 44. axb5 c3 45. Bg5 c2 46. Nb3 Kg7 47. Bc1
Be7 48. g3 Kf7 49. Ke2 Ke8 50. Nc5 Bd7 51. b6 Bxc5 52. dxc5 Bb5+ 53. Kd2 Kd7
54. Kxc2 d4 55. Bb2 d3+ 56. Kd2 Kc6 {Rest unleserlich} 1/2-1/2

[Event "2. Bundesliga Mitte 2005/2006"]
[Site "Ansfelden"]
[Date "2005.11.05"]
[Round "3.3"]
[White "Knapp, Friedrich"]
[Black "Mussnig, Manfred"]
[Result "1/2-1/2"]
[WhiteElo "1982"]
[BlackElo "2025"]
[PlyCount "47"]
[EventDate "2005.??.??"]

1. e4 c5 2. Nf3 Nc6 3. d4 cxd4 4. Nxd4 Nf6 5. Nc3 e5 6. Ndb5 d6 7. Bg5 a6 8.
Na3 b5 9. Bxf6 gxf6 10. Nd5 Bg7 11. Bd3 Ne7 12. Nxe7 Qxe7 13. O-O f5 14. c4 O-O
15. Qf3 d5 16. cxd5 fxe4 17. Bxe4 Rb8 18. Rfd1 Qd7 19. d6 Rb6 20. Qd3 Rd8 21.
Rac1 Bf8 22. Qg3+ Bg7 23. Qd3 Kf8 24. Qg3 1/2-1/2

[Event "2. Bundesliga Mitte 2005/2006"]
[Site "Ansfelden"]
[Date "2005.11.05"]
[Round "3.4"]
[White "Flumbort, Andras"]
[Black "Horvath, Tamas"]
[Result "1/2-1/2"]
[WhiteElo "2484"]
[BlackElo "2396"]
[PlyCount "85"]
[EventDate "2005.??.??"]

1. d4 Nf6 2. c4 e6 3. Nf3 c5 4. Nc3 cxd4 5. Nxd4 Bb4 6. g3 Ne4 7. Qd3 Bxc3+ 8.
bxc3 Nc5 9. Qf3 d6 10. Bg2 Nbd7 11. O-O Ne5 12. Qf4 Bd7 13. Nb3 Rc8 14. Qd4 Qb6
15. Ba3 f6 16. f4 Nf7 17. Rfd1 Qc7 18. Qe3 b6 19. Nd4 O-O 20. Nb5 Qb8 21. Rab1
Rfe8 22. Bxc5 Bxb5 23. Bxd6 Nxd6 24. cxb5 Nc4 25. Qf2 Red8 26. Rd3 Qc7 27. Rbd1
Nb2 28. Rxd8+ Rxd8 29. Rxd8+ Qxd8 30. Qe3 Qd1+ 31. Kf2 Qd6 32. Qd4 Nd1+ 33. Ke1
Qxd4 34. cxd4 Nc3 35. Bc6 Nxa2 36. d5 Kf7 37. Kd2 Ke7 38. e4 Nb4 39. Kc3 a5 40.
bxa6 Nxa6 41. dxe6 Kxe6 42. Kd4 Nc7 43. Ba4 1/2-1/2

[Event "2. Bundesliga Mitte 2005/2006"]
[Site "Ansfelden"]
[Date "2005.11.05"]
[Round "3.4"]
[White "Tober, Gerhard"]
[Black "Sandhu, Mario"]
[Result "1/2-1/2"]
[WhiteElo "2277"]
[BlackElo "2264"]
[PlyCount "25"]
[EventDate "2005.??.??"]

1. e4 c6 2. d4 d5 3. exd5 cxd5 4. Bd3 Nc6 5. c3 Nf6 6. Bf4 g6 7. Nf3 Nh5 8. Bc1
Bg7 9. O-O O-O 10. Re1 Qd6 11. g3 Bg4 12. Be2 Rac8 13. Ne5 1/2-1/2